000 00389nam a2200121Ia 4500
008 220216s9999 xx 000 0 und d
100 _aFernando T.H.P.S.
245 0 _aEfficient management of Hevea diseases for sustainable and high productivity levels
260 _bBulletin of the Rubber Research Institute of Sri Lanka
_c2009
300 _a82-91
700 _aWijeratne C.
942 _cJS
999 _c58433
_d58433